000
00286 a2200109 4500
001
ART_33811
005
20260410161707.0
008
260409a
245
1
0
_a
Donaciones
100
1
_a
Chalupowicz, Israel
773
0
_t
Revista Impuestos
_g
- NÂș 11 (jun. 2006)
_w
REV639
999
_c
15771
_d
15771